000
00220 a2200097 4500
001
18240
100
_a
Bertin, Leon
245
_a
Larousse Encyclopedia of animal life
260
_a
_b
Hamlyn Ltd
_c
090
_c
13534
_d
13534
942
_a
NUST-CAE
_c
M
_c
3930
999
_c
253313
_d
253313